The theory and method of political analysis /

Bibliographic Details
Main Author: Meehan, Eugene J.
Format: Book
Language:English
Published: Homewood, Ill. : Dorsey Press, 1965.
Series:Dorsey series in political science.
Subjects:

MARC

Tag First Indicator Second Indicator Subfields
LEADER 00000cam a22000001 4500
001 in00000064476
005 20151007083243.0
008 711124s1965 ilu b 00010 eng
010 |a  65022418  
035 |a (OCoLC)00497281 
035 |9 AAF9094AM 
040 |a DLC  |c DLC  |d TXA  |d UtOrBLW 
049 |a TXAM  |c [466206] 
050 0 0 |a JA71  |b .M37 
082 0 |a 320.018 
092 |a 320.018  |b M494t 
100 1 |a Meehan, Eugene J. 
245 1 4 |a The theory and method of political analysis /  |c [by] Eugene J. Meehan. 
264 1 |a Homewood, Ill. :  |b Dorsey Press,  |c 1965. 
300 |a x, 277 pages ;  |c 24 cm. 
336 |a text  |b txt  |2 rdacontent 
337 |a unmediated  |b n  |2 rdamedia 
338 |a volume  |b nc  |2 rdacarrier 
490 1 |a The Dorsey series in political science 
504 |a Includes bibliographical references. 
650 0 |a Political science  |x Research. 
830 0 |a Dorsey series in political science. 
999 |a MARS 
999 f f |s edf949c1-0df6-38ab-b473-cae83a8463c6  |i e2ff67c5-dd55-3d72-9ee2-b4c3bfc7f085  |t 0 
952 f f |p ric  |a Texas A&M University  |b Rellis Campus  |c Joint Library Facility  |d Remote Storage  |t 0  |e JA71 .M37  |h Library of Congress classification  |i unmediated -- volume  |m A14800656824 
998 f f |a JA71 .M37  |t 0  |l Remote Storage